| 000 | 01870nam1a22003251i 4500 | ||
|---|---|---|---|
| 001 | v19\rc\1683865 | ||
| 005 | 20260407065437.0 | ||
| 035 | _a(NLR Aleph) 005219394 | ||
| 090 |
_a5489860 _c5489860 |
||
| 100 | _a20061002d1896 |||y0rusy50 ca | ||
| 101 | 1 |
_arus _cger |
|
| 102 | _aRU | ||
| 105 | _a z ||||| | ||
| 200 | 1 |
_aЖизнь животных Брэма _e[Сокр. изд. для шк. и дом. чтения] _eПолн. пер. со 2-го нем. изд., вновь обраб. Рихардом Шмидтлейном для шк. и домаш. чтения, под ред. проф. Спб. ун-та А.С. Догеля (с 401 с.) и П.Ф. Лесгафта (до 160 с.) _fС 10 хромолит., 16 черн. табл. и 221 рис. в тексте, исполн. Л. Бекманом, В. Кампгаузеном, А. Кречмером ... [и др.] |
|
| 210 |
_aСанкт-Петербург _cПросвещение _d1896 |
||
| 215 |
_a3 т. _d26 |
||
| 225 | 1 | _aВся природа | |
| 700 | 1 |
_8rus _7ca _aБрем _bА. Э. _f1829-1884 _gАльфред Эдмунд _3RU\NLR\AUTH\7716106 _9125748 |
|
| 702 | 1 |
_aШмидтлейн _bР. _gРихард _4570 |
|
| 702 | 1 |
_4340 _8rus _7ca _aДогель _bА. С. _f1852-1922 _gАлександр Станиславович _3RU\NLR\AUTH\7792907 _975833 |
|
| 702 | 1 |
_4340 _8rus _7ca _aЛесгафт _bП. Ф. _f1837-1909 _gПетр Францевич _3RU\NLR\AUTH\77114222 _997147 |
|
| 702 | 1 |
_aБекман _bЛ. _f1822-1902 _gЛюдвиг _4440 |
|
| 702 | 1 |
_aКампгаузен _bВ. _4440 |
|
| 702 | 1 |
_4440 _8rus _7ca _aКречмер _bР. _f1818-1872 _gРоберт _3RU\NLR\AUTH\77114753 _997678 |
|
| 801 | 0 |
_aRU _bNLR _c20061002 _gpsbo |
|
| 801 | 0 |
_aRU _bRuMoRGB _c20061002 _2psbo |
|
| 801 | 1 |
_aRU _bProSoft-M _c20061002 _2rusmarc |
|
| 801 | 2 |
_aRU _bNLR _c20070124 _2rusmarc |
|
| 852 |
_aNLR _jЗ-02/Б-7/6 |
||
| 942 | _cBOOK | ||